| 000 | 00843nas a2200265 4500 | ||
|---|---|---|---|
| 001 | BR8306017 | ||
| 003 | BR-BrBNA | ||
| 005 | 20231205085709.0 | ||
| 007 | ta | ||
| 008 | 230509b bl.|||p| |||| 00| 00por d | ||
| 040 |
_aBR-BrBNA _bpor _cBiblioteca Nacional de Agricultura |
||
| 041 | _a(Pt) | ||
| 072 | _aL73 | ||
| 100 | 1 | _aNeves, J.F. | |
| 245 | 1 | _aO trio do prejuizo; a pneumonia micoplasmica, a colibacilose e a rinite atrofica sao tres doencas bastante comuns no rebanho, mas podem ser evitadas ou tratadas [suino] | |
| 650 | _aSUÍNO | ||
| 650 | _aPNEUMONIA | ||
| 650 | _aCOLIBACILOSE | ||
| 650 | _aRINITE ATROFICA | ||
| 650 | _aSINTOMA | ||
| 650 | _aPROFILAXIA | ||
| 773 | 0 |
_tGranja (Brazil) _xISSN 0367-505X _g(Nov 1983), v. 39(430) p. 30-33 _wBR8306017 |
|
| 909 |
_a202311 _bLúcia _c55 _dLúcia Elande |
||
| 942 |
_2AGRIS _n0 _cANA |
||
| 999 |
_c113149 _d113149 |
||